000 00989cam a2200325 i 4500
001 3354
005 20150826114718.0
008 790618s1978 nyua b 001 0 eng
010 _a 78000993
020 _a0030398568
035 _a(OCoLC)3627199
035 _a(OCoLC)ocm03627199
035 _a(CStRLIN)NYCG11079924-B
035 _a(NNC)3354
050 0 _aBF721
_b.C666
082 _a155.4/13/0924
090 _aBF721
_b.C666
100 1 _aCowan, Philip A.
_918799
245 0 0 _aPiaget :
_bwith feeling : cognitive, social, and emotional dimensions /
_cPhilip A. Cowan.
260 _aNew York :
_bHolt, Rinehart and Winston,
_cc1978.
300 _ax, 438 p. :
_bill. ;
_c24 cm.
500 _aIncludes index.
504 _aBibliography: p. 401-424.
600 1 0 _aPiaget, Jean,
_d1896-1980.
_96747
650 0 _aChild psychology.
_96749
650 0 _aCognition in children.
_96748
650 0 _aKnowledge, Theory of.
_918800
942 _2lcc
_cMONOGRAPH
999 _c123115
_d123115